[Event "ICC tourney 1897 (3 2)"]
[Site "Internet Chess Club"]
[Date "2020.07.03"]
[Round "13"]
[White "HartensChkmate"]
[Black "GreenTint"]
[Result "1-0"]
[WhiteElo "1390"]
[BlackElo "1892"]
[PlyCount "159"]
[EventDate "2020.??.??"]

1. c4 Nf6 2. g3 g6 3. Bg2 Bg7 4. Nf3 c5 5. Kf1 Nc6 6. d4 cxd4 7. Nxd4 Nxd4 8.
Qxd4 d6 9. Bf3 Bh3+ 10. Bg2 Bc8 11. Bf3 O-O 12. Kg2 Qd7 13. h4 h5 14. Nc3 a6
15. Bg5 Re8 16. Rad1 Qf5 17. e4 Qe6 18. Na4 Ng4 19. Qd2 Ne5 20. b3 b5 21. Nb6
Rb8 22. Nxc8 Rexc8 23. cxb5 axb5 24. Rc1 Nxf3 25. Kxf3 Qg4+ 26. Kg2 Qxe4+ 27.
f3 Qb7 28. Rhe1 Rxc1 29. Qxc1 e6 30. Qd2 d5 31. Bf4 Rc8 32. Rc1 Bf6 33. Rc2 e5
34. Bh6 d4 35. Qc1 Rxc2+ 36. Qxc2 Bg7 37. Bd2 Qd7 38. Qe4 f5 39. Qa8+ Kf7 40.
Bg5 d3 41. Qa5 Bf8 42. Qc3 Bg7 43. Qa5 e4 44. fxe4 fxe4 45. Qd2 Be5 46. Qf2+
Qf5 47. Qa7+ Ke6 48. Qe7+ Kd5 49. Qd8+ Bd6 50. Qa8+ Kd4 51. Qa7+ Bc5 52. Qg7+
Kd5 53. Qg8+ Qe6 54. Qd8+ Qd6 55. Qg8+ Kc6 56. Qa8+ Kb6 57. Bd8+ Qxd8 58. Qxd8+
Kc6 59. Qe8+ Kd5 60. Qd7+ Ke5 61. Qg7+ Kd5 62. Qf7+ Kd4 63. Qf6+ Ke3 64. Qf4+
Ke2 65. Qxe4+ Be3 66. Qf3+ Kd2 67. Kf1 b4 68. Qb7 Kc3 69. Qc6+ Kb2 70. Ke1 Bd4
71. Qc4 Bc3+ 72. Kd1 d2 73. Qa6 Kb1 74. Qxg6+ Kxa2 75. Qc2+ Ka3 76. Qb1 Bb2 77.
g4 hxg4 78. Kxd2 Kxb3 79. h5 g3 80. h6 1-0

[Event "ICC tourney 1897 (3 2)"]
[Site "Internet Chess Club"]
[Date "2020.07.03"]
[Round "12"]
[White "GreenTint"]
[Black "saiabhi29"]
[Result "0-1"]
[WhiteElo "1911"]
[BlackElo "1291"]
[PlyCount "54"]
[EventDate "2020.??.??"]

1. d4 d5 2. c4 c6 3. Nf3 Nf6 4. e3 e6 5. b3 Be7 6. Bd3 O-O 7. Bb2 b6 8. Nbd2
Bb7 9. Rc1 Nbd7 10. a3 c5 11. O-O Rc8 12. Ne5 cxd4 13. exd4 Nxe5 14. dxe5 Nd7
15. Qh5 g6 16. Qh3 Nc5 17. Bb1 Qd7 18. Rcd1 Qc6 19. f4 dxc4 20. bxc4 Na4 21.
Bd4 Bc5 22. Bxc5 Qxc5+ 23. Kh1 Nb2 24. Rc1 Rcd8 25. Nb3 Qc6 26. Rfe1 Nd3 27.
Rg1 Nf2# 0-1

[Event "ICC tourney 1897 (3 2)"]
[Site "Internet Chess Club"]
[Date "2020.07.03"]
[Round "11"]
[White "hollyelf"]
[Black "GreenTint"]
[Result "0-1"]
[WhiteElo "1646"]
[BlackElo "1942"]
[PlyCount "108"]
[EventDate "2020.??.??"]

1. e4 d6 2. d4 Nf6 3. Nc3 g6 4. Nf3 Bg7 5. Bd3 c5 6. Be3 Nbd7 7. e5 Ng4 8. e6
fxe6 9. Ng5 Ndf6 10. Bb5+ Kf8 11. dxc5 Nxe3 12. fxe3 h6 13. Nf3 Bd7 14. Bxd7
Qxd7 15. O-O Kg8 16. Nh4 g5 17. Ng6 Rh7 18. Qd3 d5 19. Ne5 Qe8 20. Ne2 Ne4 21.
Nf3 Nxc5 22. Qa3 b6 23. Ned4 Bf6 24. Nxe6 Nxe6 25. Qb3 Rd8 26. Rad1 Nc5 27. Qa3
a5 28. b4 axb4 29. Qxb4 Qc6 30. Nd4 Bxd4 31. exd4 Ne4 32. Rde1 Rf8 33. Rxf8+
Kxf8 34. Qb3 Rf7 35. h3 Qd6 36. c4 Qf4 37. Qe3 Qxe3+ 38. Rxe3 e6 39. cxd5 exd5
40. Rb3 Rb7 41. a4 Ke7 42. a5 Kd6 43. a6 Ra7 44. Rxb6+ Kc7 45. Rxh6 Ra8 46. Rg6
Rb8 47. Kh2 Re8 48. Rh6 Rd8 49. h4 gxh4 50. Rxh4 Kb6 51. Rh6+ Nd6 52. g4 Kxa6
53. g5 Kb5 54. g6 Kc4 0-1

[Event "ICC tourney 1897 (3 2)"]
[Site "Internet Chess Club"]
[Date "2020.07.03"]
[Round "9"]
[White "xiaoyongfu96"]
[Black "GreenTint"]
[Result "1-0"]
[WhiteElo "1675"]
[BlackElo "1963"]
[PlyCount "89"]
[EventDate "2020.??.??"]

1. e4 d6 2. d4 Nf6 3. Nc3 g6 4. f4 Bg7 5. Nf3 c5 6. d5 Nbd7 7. Be2 a6 8. a4 b6
9. O-O Qc7 10. Kh1 Bb7 11. Re1 Ng4 12. Kg1 O-O-O 13. h3 h5 14. Na2 c4 15. Nd4
Ngf6 16. Bf3 Nc5 17. Nb4 Rde8 18. Nbc6 Bxc6 19. Nxc6 e5 20. b4 Ncxe4 21. Bxe4
Nxe4 22. Rxe4 exf4 23. Rxe8+ Rxe8 24. Rb1 g5 25. Bd2 c3 26. Be1 b5 27. axb5
axb5 28. Ra1 Qb7 29. Bf2 Qc7 30. Ra7 Re7 31. Rxc7+ Rxc7 32. Qd3 Rb7 33. g3 fxg3
34. Bxg3 Rd7 35. Qxb5 Rc7 36. Bxd6 Rb7 37. Qc4 Kd7 38. Bc5 f5 39. Bd4 Bf8 40.
Ne5+ Ke8 41. Qc6+ Ke7 42. Qxb7+ Kd6 43. Qc6+ Ke7 44. Qe6+ Kd8 45. Qd7# 1-0

[Event "ICC tourney 1897 (3 2)"]
[Site "Internet Chess Club"]
[Date "2020.07.03"]
[Round "8"]
[White "GreenTint"]
[Black "destroyingeagle"]
[Result "0-1"]
[WhiteElo "1977"]
[BlackElo "1405"]
[PlyCount "58"]
[EventDate "2020.??.??"]

1. d4 d6 2. e4 g6 3. Nc3 Bg7 4. f4 Nf6 5. Nf3 c5 6. d5 O-O 7. a4 b6 8. Bc4 a6
9. O-O Bg4 10. h3 Bxf3 11. Qxf3 Nbd7 12. Qd3 Qc8 13. Be3 Ne8 14. Bf2 Nc7 15.
Bg3 Rb8 16. Rae1 f6 17. e5 fxe5 18. f5 gxf5 19. Rxf5 Rxf5 20. Qxf5 Nf6 21. Qg5
Qe8 22. Bxe5 Qg6 23. Bxf6 Bxf6 24. Qxg6+ hxg6 25. Kf2 Rf8 26. Kg3 Be5+ 27. Kg4
Rf4+ 28. Kg5 Rxc4 29. Kxg6 Rf4 0-1

[Event "ICC tourney 1897 (3 2)"]
[Site "Internet Chess Club"]
[Date "2020.07.03"]
[Round "7"]
[White "Pschaak"]
[Black "GreenTint"]
[Result "1-0"]
[WhiteElo "2026"]
[BlackElo "2004"]
[PlyCount "83"]
[EventDate "2020.??.??"]

1. d4 Nf6 2. Bg5 g6 3. Bxf6 exf6 4. e3 Bg7 5. g3 d5 6. Bg2 c6 7. Nd2 O-O 8. Ne2
Qb6 9. Qc1 Be6 10. O-O Nd7 11. Nf4 f5 12. c4 dxc4 13. Nxc4 Qc7 14. Qc2 Nb6 15.
Nxe6 fxe6 16. Nxb6 Qxb6 17. Qc4 Rfe8 18. b4 Kh8 19. f4 Rad8 20. a3 Rd6 21. Qc5
Red8 22. Rfc1 Qa6 23. Bf1 Qa4 24. Kg2 Qb3 25. Qc3 Qd5+ 26. Kf2 Qh1 27. Bg2 Qxh2
28. Rh1 Qxh1 29. Rxh1 Rxd4 30. exd4 Bxd4+ 31. Qxd4+ Rxd4 32. Ke3 Rc4 33. Kd3 b5
34. Re1 a5 35. Rxe6 axb4 36. axb4 Rxb4 37. Rxc6 Rb3+ 38. Rc3 Rb2 39. Bd5 h6 40.
Kd4 Kg7 41. Rc7+ Kf6 42. Rf7# 1-0

[Event "ICC tourney 1897 (3 2)"]
[Site "Internet Chess Club"]
[Date "2020.07.03"]
[Round "6"]
[White "GreenTint"]
[Black "playtowin2020"]
[Result "1-0"]
[WhiteElo "2020"]
[BlackElo "1516"]
[PlyCount "131"]
[EventDate "2020.??.??"]

1. d4 Nf6 2. c4 e6 3. g3 d5 4. Bg2 c6 5. b3 Be7 6. Bb2 O-O 7. Nd2 Nbd7 8. Ngf3
b6 9. O-O Bb7 10. Rc1 c5 11. Qc2 Rb8 12. Rfd1 cxd4 13. Nxd4 dxc4 14. Nxc4 Bxg2
15. Kxg2 Rc8 16. a4 Nd5 17. e4 Nb4 18. Qe2 Qe8 19. Qg4 Nf6 20. Qf3 Nd7 21. Qg4
Nf6 22. Qf3 Nd7 23. Qe3 Bc5 24. Qg5 f6 25. Qg4 Bxd4 26. Rxd4 Qe7 27. Rcd1 Nc5
28. Nd6 Rcd8 29. Ba3 Rxd6 30. Rxd6 Nc2 31. Bxc5 bxc5 32. Rxe6 Qf7 33. Red6 Nd4
34. Rd7 Qg6 35. Qxg6 hxg6 36. Rxa7 Nxb3 37. Rdd7 Re8 38. Rxg7+ Kh8 39. Rh7+ Kg8
40. Rag7+ Kf8 41. Rxg6 Rxe4 42. Rxf6+ Kg8 43. Rb7 c4 44. Rc6 Re8 45. Rxc4 Na5
46. Rg4+ Kf8 47. Rb5 Nc6 48. Rf5+ Ke7 49. Re4+ Kd7 50. Rd5+ Kc7 51. Rxe8 Nb4
52. Rd2 Na6 53. Re3 Kb6 54. Rd6+ Ka5 55. Rxa6+ Kxa6 56. h4 Ka5 57. h5 Kxa4 58.
h6 Ka5 59. h7 Ka6 60. h8=Q Ka5 61. Qd4 Ka6 62. Re6+ Ka5 63. Re5+ Ka6 64. Qd6+
Ka7 65. Re7+ Ka8 66. Qd8# 1-0

[Event "ICC tourney 1897 (3 2)"]
[Site "Internet Chess Club"]
[Date "2020.07.03"]
[Round "2"]
[White "CytokineStorm"]
[Black "GreenTint"]
[Result "0-1"]
[WhiteElo "1713"]
[BlackElo "2050"]
[PlyCount "94"]
[EventDate "2020.??.??"]

1. d4 Nf6 2. c4 g6 3. Nc3 d5 4. Nf3 Bg7 5. g3 O-O 6. Bg2 c6 7. O-O Qb6 8. Ne5
Be6 9. e4 dxe4 10. Nxe4 Nxe4 11. Bxe4 Bxe5 12. dxe5 Bxc4 13. Re1 Na6 14. Bh6
Rfd8 15. Qg4 Be6 16. Qh4 Rd7 17. b3 Rad8 18. Re2 Qa5 19. Rae1 Nc7 20. Bg5 Qa3
21. Kg2 Nb5 22. Re3 Nd4 23. Qf4 Bf5 24. Bh6 Ne6 25. Qh4 Bxe4+ 26. Rxe4 Qxa2 27.
R1e2 Qxb3 28. R4e3 Qd5+ 29. Kh3 Qd1 30. Kg2 Qd5+ 31. Kh3 Qd1 32. Kg2 Nd4 33.
Ra2 Nf5 34. Qf4 Nxe3+ 35. Qxe3 Qd5+ 36. Qf3 Qxa2 37. e6 Qxe6 38. Qc3 Qf6 39.
Qb4 Rd4 40. Qxb7 R4d7 41. Qb3 c5 42. h4 Qc6+ 43. Kh2 Rd1 44. f3 Qd5 45. Qb2
Rd2+ 46. Bxd2 Qxd2+ 47. Qxd2 Rxd2+ 0-1

[Event "ICC tourney 1897 (3 2)"]
[Site "Internet Chess Club"]
[Date "2020.07.03"]
[Round "1"]
[White "GreenTint"]
[Black "helavir"]
[Result "0-1"]
[WhiteElo "2046"]
[BlackElo "1750"]
[PlyCount "58"]
[EventDate "2020.??.??"]

1. d4 d5 2. c4 e6 3. Nf3 Nf6 4. e3 a6 5. a4 c5 6. Nc3 Nc6 7. dxc5 Bxc5 8. cxd5
exd5 9. Be2 O-O 10. O-O Bg4 11. h3 Bh5 12. Nd4 Bxd4 13. Bxh5 Bxc3 14. bxc3 Qa5
15. Bd2 d4 16. Bf3 dxc3 17. Be1 Rac8 18. Qb3 Ne5 19. Qxb7 Rc7 20. Qb3 Nxf3+ 21.
gxf3 Rfc8 22. Rc1 h6 23. Rc2 Rc4 24. f4 Qc5 25. Qb7 Ne4 26. Qxa6 Qf5 27. Kg2
R4c6 28. Qb5 Rg6+ 29. Kf3 Ng5+ 0-1

[Event "ICC tourney 1897 (3 2)"]
[Site "Internet Chess Club"]
[Date "2020.07.03"]
[Round "15"]
[White "HartensChkmate"]
[Black "Candychessguru"]
[Result "1-0"]
[WhiteElo "1446"]
[BlackElo "1636"]
[PlyCount "85"]
[EventDate "2020.??.??"]

1. c4 Nf6 2. g3 e6 3. Bg2 d5 4. Nf3 Bd6 5. O-O O-O 6. d4 c6 7. b3 Nbd7 8. Bb2
Qe7 9. Nbd2 Ne4 10. Qc2 f5 11. Ne5 Nxe5 12. dxe5 Bb4 13. Nxe4 fxe4 14. a3 Ba5
15. b4 Bc7 16. f3 exf3 17. Bxf3 Bd7 18. e4 dxe4 19. Bxe4 h6 20. Qe2 Qg5 21.
Rad1 Rad8 22. Rxf8+ Kxf8 23. Bh7 g6 24. Bc1 Qxe5 25. Bxh6+ Ke7 26. Qxe5 Bxe5
27. Bxg6 Bf6 28. Bf4 e5 29. Be3 b6 30. c5 Rg8 31. Be4 Bg5 32. Bf2 Rc8 33. cxb6
axb6 34. Bxb6 Bg4 35. Bc5+ Ke8 36. Rd6 Bd7 37. Bg6+ Kd8 38. Bf5 Rc7 39. Bb6 Kc8
40. Bxc7 Bxf5 41. Bb6 e4 42. Kf2 Kb7 43. Bc5 1-0

[Event "ICC tourney 1897 (3 2)"]
[Site "Internet Chess Club"]
[Date "2020.07.03"]
[Round "14"]
[White "Candychessguru"]
[Black "avocuddle"]
[Result "0-1"]
[WhiteElo "1654"]
[BlackElo "1427"]
[PlyCount "104"]
[EventDate "2020.??.??"]

1. d4 Nf6 2. Nf3 g6 3. c4 Bg7 4. g3 O-O 5. Bg2 d6 6. O-O Nbd7 7. Nc3 c5 8. h3
Rb8 9. e4 a6 10. e5 Ne8 11. exd6 exd6 12. Be3 Nef6 13. Qd3 b5 14. cxb5 axb5 15.
Nxb5 Ba6 16. a4 Qa5 17. dxc5 dxc5 18. Bd2 Bxb5 19. axb5 Qxb5 20. Qxb5 Rxb5 21.
Bc3 Nb6 22. Ra6 Nfd5 23. Rc1 Nxc3 24. bxc3 Nc4 25. Bf1 Rb3 26. Bxc4 Rxc3 27.
Rxc3 Bxc3 28. Ra7 Bb4 29. Ne5 Kg7 30. Nxf7 Kf6 31. h4 h5 32. Ng5 Ke5 33. Kg2
Kd4 34. Rg7 Kxc4 35. Rxg6 Kb3 36. Ne6 Rc8 37. Rg5 c4 38. Rxh5 c3 39. Nd4+ Kb2
40. Rd5 Rc4 41. h5 Rxd4 42. Rxd4 c2 43. Rc4 Bc3 44. f4 c1=Q 45. Rc8 Qd2+ 46.
Kf3 Qd5+ 47. Kg4 Qe6+ 48. f5 Qxc8 49. Kg5 Qg8+ 50. Kf4 Bf6 51. g4 Qg5+ 52. Kf3
Kc3 0-1

[Event "ICC tourney 1897 (3 2)"]
[Site "Internet Chess Club"]
[Date "2020.07.03"]
[Round "13"]
[White "Elieman"]
[Black "Candychessguru"]
[Result "1-0"]
[WhiteElo "1665"]
[BlackElo "1672"]
[PlyCount "91"]
[EventDate "2020.??.??"]

1. e4 c6 2. Nc3 d5 3. Nf3 Bg4 4. h3 Bxf3 5. Qxf3 dxe4 6. Nxe4 Nd7 7. Bc4 e6 8.
d4 Ngf6 9. Bf4 Nxe4 10. Qxe4 Nf6 11. Qd3 Be7 12. O-O-O O-O 13. g4 b5 14. Bb3
Nd5 15. Bxd5 Qxd5 16. Kb1 Bf6 17. Rhe1 Rfd8 18. Be5 Be7 19. f4 a5 20. f5 Bh4
21. Rf1 c5 22. fxe6 fxe6 23. Qxb5 Rac8 24. c3 Qe4+ 25. Ka1 cxd4 26. Bxd4 Rd5
27. Qb7 Bf6 28. Qxc8+ Kf7 29. Bxf6 Rxd1+ 30. Rxd1 gxf6 31. Qc7+ Kg6 32. Qd7 h5
33. Qd3 Qxd3 34. Rxd3 hxg4 35. hxg4 Kg5 36. Re3 e5 37. Kb1 Kxg4 38. Kc2 Kf4 39.
Kd3 f5 40. c4 e4+ 41. Kd4 Kg5 42. c5 f4 43. Rxe4 f3 44. Ke3 f2 45. Kxf2 Kf5 46.
Ke3 1-0

[Event "ICC tourney 1897 (3 2)"]
[Site "Internet Chess Club"]
[Date "2020.07.03"]
[Round "12"]
[White "Candychessguru"]
[Black "destroyingeagle"]
[Result "1/2-1/2"]
[WhiteElo "1684"]
[BlackElo "1403"]
[PlyCount "286"]
[EventDate "2020.??.??"]

1. d4 d6 2. Nf3 g6 3. c4 Bg7 4. g3 Nc6 5. Bg2 e5 6. dxe5 Nxe5 7. Nxe5 dxe5 8.
Qc2 Qe7 9. O-O Nf6 10. Nc3 c6 11. h3 O-O 12. e4 Ne8 13. Be3 Nc7 14. Rad1 Ne6
15. Ne2 b6 16. Rd3 Bb7 17. Rfd1 Rfd8 18. f4 f6 19. f5 Nc7 20. c5 b5 21. b4 Rxd3
22. Qxd3 Kf7 23. Qd7 Bc8 24. Qxc6 a5 25. a3 axb4 26. axb4 Ra3 27. Bf2 Ra4 28.
Rb1 Ra3 29. g4 Bh6 30. Kf1 Bd2 31. Nc1 Ra4 32. Qd6 Qxd6 33. cxd6 Ne8 34. Bc5
Bd7 35. Ke2 Bxc1 36. Rxc1 Ng7 37. Rc2 Ra3 38. Rd2 Ke8 39. Kf2 Ra4 40. Bf1 Ra3
41. Kg2 gxf5 42. gxf5 Nh5 43. Kf2 Nf4 44. h4 Nh3+ 45. Bxh3 Rxh3 46. Kg2 Rxh4
47. Kf3 Rh3+ 48. Kg4 Rb3 49. Ra2 Kd8 50. Bb6+ Kc8 51. Bc5 Kd8 52. Ra8+ Bc8 53.
Ra7 Rd3 54. Rxh7 Bd7 55. Rh8+ Be8 56. Bb6+ Kd7 57. Bc5 Rd1 58. Rh7+ Kd8 59. Re7
Re1 60. Kf3 Bd7 61. Rf7 Rf1+ 62. Ke2 Rf4 63. Ke3 Rh4 64. Rxf6 Rh3+ 65. Kd2 Rh2+
66. Ke3 Rh3+ 67. Kf2 Rh2+ 68. Kg3 Re2 69. Kf3 Rh2 70. Rg6 Rh3+ 71. Rg3 Rh4 72.
Rg4 Rh3+ 73. Kg2 Rd3 74. Rg8+ Be8 75. f6 Rd2+ 76. Kf3 Kd7 77. Kg4 Rg2+ 78. Kf5
Rxg8 79. f7 Bxf7 80. Kf6 Be6 81. Bb6 Rg4 82. Kxe5 Rg2 83. Bc5 Re2 84. Kf4 Bc4
85. e5 Be6 86. Bd4 Rb2 87. Bxb2 Kc6 88. Ke4 Bd7 89. Kd4 Be6 90. Bc1 Bd7 91. Bf4
Be6 92. Bg3 Bd7 93. Ke4 Be6 94. Kf4 Kd7 95. Kg5 Bh3 96. Kf6 Be6 97. Bf2 Bh3 98.
Bc5 Be6 99. Kg7 Bh3 100. Kf8 Be6 101. Kg7 Bh3 102. Kg6 Be6 103. Kf6 Bh3 104.
Kg5 Be6 105. Kf4 Kc6 106. Ke4 Bh3 107. Bf2 Be6 108. Kd4 Bf5 109. Be3 Be6 110.
Ke4 Kd7 111. Kd4 Kc6 112. Ke4 Kd7 113. Bf2 Bh3 114. Kf4 Be6 115. Kg5 Bh3 116.
Kh4 Be6 117. Bc5 Bf5 118. Kg5 Be6 119. Kf4 Kc6 120. Kg3 Kd7 121. Kh4 Kc6 122.
Kh5 Kd7 123. Kg6 Bh3 124. Kf6 Be6 125. Bf2 Bh3 126. Bg3 Be6 127. Bh2 Bh3 128.
Kf7 Be6+ 129. Kf8 Bh3 130. Kg7 Be6 131. Kg6 Kc6 132. Kf6 Kd7 133. Bg3 Bh3 134.
Bf2 Be6 135. Bd4 Bh3 136. Bb6 Be6 137. Bd8 Bh3 138. Be7 Be6 139. Bf8 Bh3 140.
Kg5 Be6 141. Kf4 Kc6 142. Ke4 Bh3 143. Kd4 Be6 1/2-1/2

[Event "ICC tourney 1897 (3 2)"]
[Site "Internet Chess Club"]
[Date "2020.07.03"]
[Round "11"]
[White "chesspro565"]
[Black "Candychessguru"]
[Result "1-0"]
[WhiteElo "1644"]
[BlackElo "1695"]
[PlyCount "81"]
[EventDate "2020.??.??"]

1. d4 Nf6 2. c4 e6 3. Nf3 b6 4. g3 Bb7 5. Bg2 Bb4+ 6. Bd2 Qe7 7. O-O Bxd2 8.
Nbxd2 O-O 9. Qc2 c5 10. e3 d6 11. Qd3 Rd8 12. Rac1 Nc6 13. a3 Rac8 14. Rfd1 h6
15. d5 exd5 16. cxd5 Ne5 17. Nxe5 Qxe5 18. e4 a6 19. Nc4 Qe7 20. Nxb6 Rb8 21.
Nc4 Nd7 22. b4 Re8 23. Na5 cxb4 24. axb4 Ne5 25. Qe2 Ba8 26. Rb1 Rb5 27. Qd2
Reb8 28. Qd4 Qd8 29. f4 Nd7 30. Nc6 Bxc6 31. dxc6 Nb6 32. Qxd6 Qxd6 33. Rxd6
Nc4 34. Rd7 Nb6 35. Ra7 Rc8 36. Bf1 Rh5 37. c7 Kf8 38. Bxa6 Re8 39. Rb7 Na8 40.
b5 Rc5 41. b6 1-0

[Event "ICC tourney 1897 (3 2)"]
[Site "Internet Chess Club"]
[Date "2020.07.03"]
[Round "10"]
[White "Candychessguru"]
[Black "GHAAngel"]
[Result "1/2-1/2"]
[WhiteElo "1707"]
[BlackElo "1678"]
[PlyCount "315"]
[EventDate "2020.??.??"]

1. d4 c5 2. d5 Nf6 3. c4 d6 4. Nc3 g6 5. Nf3 Bg7 6. g3 O-O 7. Bg2 e5 8. O-O Re8
9. e4 a6 10. a4 Bg4 11. h3 Bd7 12. Qe1 Qc8 13. Kh2 Rf8 14. Qe2 Ne8 15. Ne1 f5
16. Nd3 Nf6 17. f4 Re8 18. fxe5 dxe5 19. Be3 fxe4 20. Nxc5 Bf5 21. N5xe4 Nxe4
22. Nxe4 Qc7 23. g4 Bxe4 24. Bxe4 Nd7 25. Qd3 Nc5 26. Qc2 Nxe4 27. Qxe4 Rac8
28. b3 Rf8 29. d6 Qxd6 30. Rfd1 Qe7 31. Rd5 Qf7 32. Kg2 Rc7 33. Rad1 h5 34. Rd8
Rc8 35. Rxc8 Rxc8 36. gxh5 gxh5 37. Qd5 Qxd5+ 38. Rxd5 Rc7 39. Kf3 Kf7 40. Ke4
Ke6 41. Rd8 Rf7 42. c5 Rf1 43. Rb8 Rf7 44. b4 Rc7 45. b5 axb5 46. axb5 h4 47.
b6 Rd7 48. Rc8 Bf6 49. c6 bxc6 50. Rxc6+ Ke7 51. Bc5+ Kf7 52. Bd6 Bd8 53. Bxe5
Rb7 54. Bd4 Ke7 55. Bc5+ Kd7 56. Rd6+ Kc8 57. Rg6 Rf7 58. Kd5 Kb7 59. Rg8 Bxb6
60. Bxb6 Kxb6 61. Rh8 Rf4 62. Ke5 Ra4 63. Kf5 Kc6 64. Kg5 Kd6 65. Rh6+ Ke7 66.
Rh8 Kf7 67. Rb8 Kg7 68. Rb7+ Kh8 69. Kh6 Ra6+ 70. Kh5 Ra4 71. Rd7 Rb4 72. Re7
Kg8 73. Kg6 Rb6+ 74. Kg5 Rb4 75. Re5 Kg7 76. Rd5 Kf7 77. Ra5 Kg7 78. Kh5 Re4
79. Ra7+ Kf6 80. Ra6+ Kg7 81. Ra7+ Kf6 82. Ra8 Kg7 83. Ra5 Rd4 84. Rg5+ Kh7 85.
Re5 Kg7 86. Kg5 Ra4 87. Re7+ Kg8 88. Rb7 Kh8 89. Rb6 Kg7 90. Rg6+ Kf7 91. Rh6
Kg7 92. Rh5 Ra5+ 93. Kxh4 Rxh5+ 94. Kxh5 Kh7 95. Kg5 Kg7 96. h4 Kh7 97. h5 Kh8
98. Kg6 Kg8 99. h6 Kh8 100. Kg5 Kh7 101. Kh5 Kh8 102. Kg6 Kg8 103. Kf6 Kh7 104.
Kg5 Kh8 105. Kh5 Kh7 106. Kg5 Kh8 107. Kg6 Kg8 108. Kf6 Kh8 109. Kg5 Kh7 110.
Kh5 Kh8 111. Kg4 Kg8 112. Kg5 Kh7 113. Kh5 Kh8 114. Kg6 Kg8 115. Kg5 Kh8 116.
Kh5 Kh7 117. Kg5 Kh8 118. Kg6 Kg8 119. Kg5 Kh8 120. Kg6 Kg8 121. Kh5 Kh8 122.
Kg4 Kh7 123. Kg5 Kh8 124. Kf6 Kh7 125. Kg5 Kh8 126. Kg6 Kg8 127. Kh5 Kh7 128.
Kg5 Kh8 129. Kg6 Kg8 130. Kh5 Kh8 131. Kg5 Kh7 132. Kh5 Kg8 133. Kg6 Kh8 134.
Kg5 Kh7 135. Kh5 Kh8 136. Kh4 Kh7 137. Kg5 Kg8 138. Kh5 Kh8 139. Kg6 Kg8 140.
Kg5 Kh7 141. Kh5 Kh8 142. Kg6 Kg8 143. Kg5 Kh8 144. Kg6 Kg8 145. Kh5 Kh8 146.
Kg5 Kh7 147. Kh5 Kh8 148. Kh4 Kh7 149. Kg5 Kh8 150. Kg6 Kg8 151. Kg5 Kh8 152.
Kg6 Kg8 153. Kh5 Kh8 154. Kh4 Kh7 155. Kg5 Kh8 156. Kg6 Kg8 157. h7+ Kh8 158.
Kh6 1/2-1/2

[Event "ICC tourney 1897 (3 2)"]
[Site "Internet Chess Club"]
[Date "2020.07.03"]
[Round "9"]
[White "Sina101"]
[Black "Candychessguru"]
[Result "1-0"]
[WhiteElo "1394"]
[BlackElo "1708"]
[PlyCount "53"]
[EventDate "2020.??.??"]

1. d4 Nf6 2. c4 e6 3. Nc3 Bb4 4. a3 Bxc3+ 5. bxc3 O-O 6. e3 b6 7. Bd3 Bb7 8. f3
d5 9. cxd5 exd5 10. Ne2 Re8 11. O-O Nbd7 12. Ng3 c5 13. Ra2 Rc8 14. Raf2 cxd4
15. cxd4 Qc7 16. Bd2 Qb8 17. Qb1 g6 18. e4 Re6 19. e5 Ne8 20. f4 Nc7 21. f5 Re7
22. Bb4 Ree8 23. fxg6 hxg6 24. Bxg6 Ne6 25. Bxf7+ Kh8 26. Qg6 Ndf8 27. Qg8# 1-0

[Event "ICC tourney 1897 (3 2)"]
[Site "Internet Chess Club"]
[Date "2020.07.03"]
[Round "7"]
[White "londonkid"]
[Black "Candychessguru"]
[Result "1-0"]
[WhiteElo "1794"]
[BlackElo "1721"]
[PlyCount "83"]
[EventDate "2020.??.??"]

1. d4 Nf6 2. c4 e6 3. Nf3 b6 4. g3 Bb7 5. Bg2 Bb4+ 6. Nbd2 O-O 7. O-O Bxd2 8.
Qxd2 d6 9. b4 Nbd7 10. Bb2 Qe7 11. a4 a5 12. b5 Rfd8 13. Rac1 c5 14. Rfd1 Rac8
15. Ne1 Bxg2 16. Nxg2 d5 17. Ne3 cxd4 18. Qxd4 Nc5 19. cxd5 Nb3 20. Rxc8 Nxd4
21. Rxd8+ Qxd8 22. Bxd4 Nxd5 23. Nxd5 Qxd5 24. Rc1 h6 25. Bxb6 Qd2 26. Be3 Qxe2
27. b6 Qb2 28. Rc5 Qa1+ 29. Kg2 Qxa4 30. Rc7 Qe4+ 31. Kg1 Qe5 32. Rc8+ Kh7 33.
b7 Qd5 34. b8=Q Qd1+ 35. Kg2 Qd5+ 36. f3 Qd3 37. Bf2 a4 38. Qb4 Qd7 39. Ra8 f5
40. Rxa4 Kg6 41. Ra6 Qe8 42. Qc4 1-0

[Event "ICC tourney 1897 (3 2)"]
[Site "Internet Chess Club"]
[Date "2020.07.03"]
[Round "6"]
[White "Candychessguru"]
[Black "ganzy"]
[Result "1-0"]
[WhiteElo "1730"]
[BlackElo "1396"]
[PlyCount "81"]
[EventDate "2020.??.??"]

1. d4 Nf6 2. Nf3 g6 3. c4 Bg7 4. g3 O-O 5. Bg2 d6 6. O-O Nc6 7. Nc3 e5 8. d5
Ne7 9. e4 Nd7 10. Ne1 f5 11. Nd3 Nc5 12. Nxc5 dxc5 13. f4 fxe4 14. Nxe4 b6 15.
fxe5 Bxe5 16. Bh6 Rxf1+ 17. Qxf1 Bf5 18. Qf2 c6 19. Rd1 Qd7 20. Bg5 Rf8 21. Qd2
Bxe4 22. Bxe4 Bd4+ 23. Be3 Qg4 24. Bxd4 Qxe4 25. Bc3 cxd5 26. cxd5 Nf5 27. Re1
Qf3 28. d6 Nxg3 29. hxg3 Qxg3+ 30. Qg2 Qxd6 31. Rf1 Rxf1+ 32. Qxf1 Qg3+ 33. Qg2
Qe3+ 34. Qf2 Qc1+ 35. Kg2 Qg5+ 36. Qg3 Qd5+ 37. Qf3 Qg5+ 38. Kf2 Qh4+ 39. Ke2
Qh2+ 40. Kd3 Qd6+ 41. Kc4 1-0

[Event "ICC tourney 1897 (3 2)"]
[Site "Internet Chess Club"]
[Date "2020.07.03"]
[Round "5"]
[White "davika21"]
[Black "Candychessguru"]
[Result "1-0"]
[WhiteElo "1657"]
[BlackElo "1729"]
[PlyCount "119"]
[EventDate "2020.??.??"]

1. e4 c6 2. d4 d5 3. Nc3 dxe4 4. Nxe4 Bf5 5. Ng3 Bg6 6. h4 h6 7. h5 Bh7 8. Nf3
Nd7 9. Bd3 Bxd3 10. Qxd3 Qc7 11. Bd2 e6 12. O-O-O Ngf6 13. Kb1 O-O-O 14. Ne4
Nc5 15. Nxc5 Bxc5 16. Qc4 Bd6 17. Qb3 c5 18. dxc5 Bxc5 19. Be3 Bxe3 20. Qxe3
Kb8 21. Ne5 Rd5 22. Nd3 Rhd8 23. f3 a6 24. g4 Qg3 25. Qf2 Qxf2 26. Nxf2 Rd2 27.
Nd3 Rxd1+ 28. Rxd1 Kc7 29. c4 Rd4 30. b3 b5 31. cxb5 axb5 32. Kc2 Nd5 33. Rd2
Kd6 34. a3 e5 35. Nf2 Ne3+ 36. Kc3 Kd5 37. Rxd4+ exd4+ 38. Kd3 Ng2 39. Nh3 Ne1+
40. Ke2 Nc2 41. a4 bxa4 42. bxa4 Nb4 43. g5 d3+ 44. Kd2 Kc4 45. gxh6 gxh6 46.
Nf4 f5 47. a5 Kd4 48. Ne6+ Ke5 49. Nc5 Kf4 50. Nxd3+ Nxd3 51. Kxd3 Kxf3 52. a6
f4 53. a7 Kf2 54. a8=Q f3 55. Qa2+ Kg1 56. Ke3 f2 57. Qxf2+ Kh1 58. Qe2 Kg1 59.
Kf3 Kh1 60. Qg2# 1-0

[Event "ICC tourney 1897 (3 2)"]
[Site "Internet Chess Club"]
[Date "2020.07.03"]
[Round "4"]
[White "Candychessguru"]
[Black "hollyelf"]
[Result "1-0"]
[WhiteElo "1735"]
[BlackElo "1685"]
[PlyCount "47"]
[EventDate "2020.??.??"]

1. d4 d5 2. c4 c6 3. cxd5 cxd5 4. Nf3 Nf6 5. Nc3 Nc6 6. Bf4 a6 7. e3 Bf5 8. Bd3
Bxd3 9. Qxd3 e6 10. O-O Bd6 11. Bxd6 Qxd6 12. Rac1 O-O 13. a3 Rac8 14. b4 b5
15. Rc2 Nd7 16. Nd2 f5 17. Nb3 e5 18. Nc5 exd4 19. exd4 f4 20. Re1 Rce8 21.
Rce2 Rxe2 22. Rxe2 f3 23. gxf3 Qf4 24. Nxd7 1-0

[Event "ICC tourney 1897 (3 2)"]
[Site "Internet Chess Club"]
[Date "2020.07.03"]
[Round "2"]
[White "Candychessguru"]
[Black "bpovo1394"]
[Result "0-1"]
[WhiteElo "1719"]
[BlackElo "923"]
[PlyCount "76"]
[EventDate "2020.??.??"]

1. d4 d5 2. Nf3 Nf6 3. c4 c6 4. Nc3 dxc4 5. a4 Bf5 6. e3 e6 7. Bxc4 Bb4 8. O-O
O-O 9. Bd2 Nbd7 10. Qe2 Bg6 11. Bd3 Bh5 12. e4 Re8 13. e5 Bxc3 14. bxc3 Nd5 15.
c4 Ne7 16. Bg5 Qc7 17. a5 Ng6 18. h3 h6 19. Be3 Ne7 20. g4 Bg6 21. Nh4 Bxd3 22.
Qxd3 c5 23. f4 cxd4 24. Bxd4 Red8 25. Qe3 Qxc4 26. Bxa7 Nd5 27. Qf2 Rxa7 28.
Qxa7 Nc5 29. Rac1 Qd4+ 30. Kh2 Qd2+ 31. Ng2 Nxf4 32. Rxf4 Qxc1 33. Kg3 Rd3+ 34.
Rf3 Ne4+ 35. Kh2 Rxf3 36. Qa8+ Kh7 37. Qxb7 Rxh3+ 38. Kxh3 Qh1# 0-1